100 Cities by Letter - G - Statistics

General Stats
  • This quiz has been taken 2,003 times
  • The average score is 37 of 100
Answer Stats
Hint City % Correct
British territory in Iberia Gibraltar
91%
Egyptian pyramid locale Giza
91%
Central American capital city Guatemala City
91%
World's most populous urban area Guangzhou
89%
Sweden's main port Gothenburg
86%
About 75% of its buildings have beendestroyed by the IDF Gaza
85%
Was once called "Danzig" Gdańsk
85%
Guyanese capital Georgetown
83%
Capital of Botswana Gaborone
82%
Arch rival city of medieval Venice Genoa
76%
Where tequila originated Guadalajara
76%
1863 Pennsylvanian battleground Gettysburg
75%
Second-largest city in Austria Graz
75%
Cuban city or a U.S. naval base Guantánamo
74%
Last Muslim city in Spain Granada
73%
World Health Organization HQ Geneva
71%
Biggest city in Ecuador Guayaquil
71%
Wool city of medieval Flanders Ghent
70%
Dutch city or a type of cheese Gouda
70%
The "Old Firm" play football here Glasgow
69%
"Thank you" for guessing the capital of Lempira, Honduras Gracias
65%
Where NFL's Packers play Green Bay
64%
Village south of Nottingham withnamesake of Batman's hometown Gotham
60%
Largest city in northern Netherlands Groningen
58%
Replaced Bujumbura as capital Gitega
55%
Texan city or a famous Judy Garland
54%
Wyoming's 4th largest city or thebest-selling brand of safety razors Gillette
54%
Decaying Rust Belt city in Indiana Gary
53%
Namesake of the largest music festival in the United Kingdom Glastonbury
49%
Located near the epicenter of the 2023 Turkey–Syria earthquake Gaziantep
47%
Basque town or a Picasso painting Guernica
47%
Texan city hit by a hurricane in 1900 Galveston
46%
Battle of Guilford Court House took place in this city in NC Greensboro
45%
Capital of Chechnya Grozny
45%
Also a type of Italian blue cheese Gorgonzola
43%
Sits on a Turkish peninsula wherea bloody WWI battle took place Gelibolu
42%
A French Caribbean territory is named for this Spanish town Guadelupe
42%
Seaport near the above Gdynia
41%
Second-largest city in Belarus Gomel
41%
Capital of that Brazilian state Goiânia
39%
Home to the University of Florida Gainesville
37%
Largest city in Asturias, Spain Gijón
37%
Gave its name to Italy's largest lake Garda
36%
Appears in an Ed Sheeran song title Galway
35%
Surfers Paradise is one of its suburbs Gold Coast
35%
Largest city in Upstate South Carolina Greenville
35%
Where FC Schalke 04 is based Gelsenkirchen
34%
Largest English city on River Severn Gloucester
34%
Host of the 1968 Winter Olympics Grenoble
34%
Madrid suburb home to one ofSpain's top football clubs Getafe
33%
Mississippi's main port Gulfport
33%
Major Phoenix suburb Glendale
32%
Three-letter capital of theSonghai Empire in Mali Gao
30%
Namesake of a Brazilian state;also a World Heritage Site Goiás
29%
Town in Connecticut famous for its hedge fund industry Greenwich
29%
Bavarian town in the Alps that hostedthe 1936 Winter Olympics Garmisch-Partenkirchen
28%
Port city southwest of Melbourne Geelong
28%
Official name of Port Elizabeth Gqeberha
28%
.. and a Swiss cheese type, with holes Gruyères
28%
Largest city in northwest Hungary Győr
28%
Major Congolese city on Lake Kivu Goma
27%
Gerald Ford's childhood hometown Grand Rapids
27%
1980 South Korean uprising site Gwangju
26%
Second-largest city in Azerbaijan Ganja
22%
Capital of Guizhou, China Guiyang
21%
Quebecois city adjacent to Ottawa Gatineau
20%
Main city of Colorado's Western Slope Grand Junction
20%
Third-biggest city in North Dakota Grand Forks
19%
Coastal city in central Sweden known for its large Yule goat Gävle
18%
Punjab's "Abode of the Gujjars" Gujranwala
17%
Second-largest city in Armenia Gyumri
16%
Largest Romanian city on Danube Galați
15%
Sri Lanka's main historical port Galle
15%
Southernmost major Philippine city General Santos
15%
Capital of Saint Barthelemy.Named for a Swedish king Gustavia
15%
City in Newfoundland whose airportwas once an important refuelling stop Gander
13%
Namesake of a Japanese prefecture Gifu
13%
Largest Portland suburb in Oregon Gresham
13%
Touristic city in Guangxi, China Guilin
13%
Largest city in Assam, India Guwahati
13%
Afghan city that was the capital of the Ghaznavid Empire Ghazni
12%
Major Uttar Pradesh city that ispart of Delhi metro area Ghaziabad
11%
Sits on and has the namesake of thegulf below Tunisia's "belly" Gabès
9%
Capital and namesake of anautonomous territory in Pakistan Gilgit
9%
First permanent capital of theEthiopian Empire, 1635–1855 Gondar
9%
Capital of Altai Republic, Russia Gorno-Altaysk
9%
This city on the Riviera is called the "Perfume capital of the world" Grasse
9%
India's "Music City" in Madhya Pr. Gwalior
9%
Capital of Sikkim, India Gangtok
8%
Jiangxi's southernmost city Ganzhou
8%
This city sits on the same gulf west of Haiti it gave name to Gonaïves
8%
Site of the first battle of the Mexican War of Independence Guanajuato
8%
India's second-largest IT hub Gurgaon
8%
Capital of Gujarat, India Gandhinagar
7%
Largest city in Italy's Maremma region Grosseto
7%
Largest city in northern Cameroon Garoua
6%
Turkish provincial capital on the Black Sea Giresun
6%
Formerly home to the busiestairport in South Korea Gimpo
5%
Tourism center in Cappadocia that is known for its hot air balloons Göreme
3%
Largest city in central Zimbabwe Gweru
3%
No matching quizzes found
Score Distribution
Percent of People with Each Score
Percentile by Number Answered
Your Score History
You have not taken this quiz